| 000 | 01263nam a2200229Ia 4500 | ||
|---|---|---|---|
| 999 |
_c37819 _d37819 |
||
| 001 | 3796 | ||
| 003 | GE_BSU | ||
| 005 | 20190809170429.0 | ||
| 008 | 181216s1983||||ge |||||||||||||| ||geo|| | ||
| 040 | _cGE_BSU | ||
| 041 | _ageo | ||
| 080 | _a070(09) რ–26 | ||
| 100 |
_aრატიანი, შალვა _93495 |
||
| 245 |
_aXIX საუკუნის 60-იანი წლების ქართული პუბლიცისტიკის ისტორიიდან / _cსაქ. სსრ მეცნ. აკადემია. შ. რუსთაველის სახ. ქართული ლიტ. ისტორიის ინ-ტი. |
||
| 264 |
_aთბილისი : _bმეცნიერება, _c1983. |
||
| 300 |
_a120 გვ. ; _b21 სმ. |
||
| 504 | _aბიბლიოგრ. ტექსტის შენიშვნებში. | ||
| 546 | _aრეზ. რუს. ენ. | ||
| 653 | _a ქართული პუბლიცისტიკის ისტორია | ||
| 710 |
_aსაქ. სსრ მეცნ. აკადემია. შ. რუსთაველის სახ. ქართული ლიტ. ისტორიის ინ-ტი. _93496 |
||
| 942 |
_cBK _2udc |
||